Les prénoms en H du plan de Paris - Statistiques

Statistiques générales
  • Ce quiz a été pris 6 fois
  • Le résultat moyen est 4 sur 14
Statistiques - réponses
Arrondissement Indice Nom Prénom % Correct
4e Souverain (...) IV Henri
80%
12e Ecrivain / Poète Malot Hector
60%
7e Chef d'Etat Bourguiba Habib
40%
4e Militant Milk Harvey
40%
19e Architecte Guimard Hector
40%
15e Homme poilitique Monmarché Hubert
40%
16e Souverain (...) 1er de Jordanie Hussein
40%
6e Propriétaire Chevalier Honoré
20%
18e Ecrivain / Poète Moreau Hégésippe
0%
14e Photographe Guibert Hervé
0%
17e Médecin Benessiano Hervé
0%
9e Architecte Lebas Hippolyte
0%
14e Sculpteur Maindron Hippolyte
0%
15e Homme poilitique Riquetti Honoré-Gabriel
0%
Aucun quiz correspondant
Distribution des résultats
% des personnes avec chaque résultat
Percentile par nombre de réponses
Votre historique - résultats
Vous n’avez pas pris ce quiz